000 01624nam a22002057a 4500
005 20260119160738.0
006 a|||||r|||||||||||
008 s19782019gr 000 0 gre d
020 _a9786185010768
040 _aGR-AtMCL
_bgre
_dGR-AtMCL
_eAACR2
100 _aΛειβαδίτης, Τάσος
_d1922-1988
_910277
245 1 0 _aΑυτό το αστέρι είναι για όλους μας /
_cΤάσος Λειβαδίτης.
250 _a3η εκδ.
260 _aΑθήνα :
_bΚέδρος,
_c1978.
300 _a38 σ. ;
_c25 εκ.
520 _aΝύχτωνε γρήγορα. Ο αγέρας ερχόταν από μακριά μυρίζοντας βροχή και πόλεμο. Τα τρένα γεμάτα φαντάρους περνούσαν βιαστικά μόλις προφταίναμε πίσω απ' τα τζάμια να τους δούμε. Μεγάλα σιδερένια κράνη κλείναν τον ορίζοντα. Γυάλιζε η άσφαλτος βρεγμένη. Πίσω απ' τα παράθυρα καθαρίζοντας λίγα ξερά κουκκιά σωπαίναν οι γυναίκες. Και το βήμα της περίπολος έπαιρνε τη σιωπή απ' το δρόμο κι απ' τον κόσμο τη ζεστασιά. Γύρισε λοιπόν τα μάτια σου να κοιτάξω τον ουρανό δός μου τα χέρια σου να κρατήσω τη ζωή μου. Πόσο χλωμή είσαι, αγαπημένη μου!
650 0 _aΝεοελληνική ποίηση
_910278
942 _cBK
999 _c10068
_d10068